000 00470nam a2200181 a 4500
005 20210223124557.0
008 020221s1983 r 000 0 eng d
020 _a9681816196
035 _aUPN01000116349
049 _aCG
050 4 _aHF5734.5
_bD5.3
100 1 _aDíaz Ramírez, Alberto
245 1 0 _aCómo conducir juntas /
_cAlberto Díaz Ramírez.
260 _aMéxico :
_bLimusa,
_c1983.
300 _a114 p.
650 4 _aREUNIONES
_916631
905 _aLibro
999 _c89100
_d89100